banner-ar

سيدانودى: برجراك / (Record no. 44173)

MARC details
000 -الفاتح
حقل البيانات ثابتة الطول 00634nam a2200229Ia 4500
008 - عناصر البيانات ثابتة الطول - معلومات عامة
حقل البيانات ثابتة الطول 140319s9999 xx 000 0 ara d
040 ## - مصدر الفهرسة
وكالة الفهرسة الأصلية GCL /
وكالة النسخ GCL
082 04 - رقم تصنيف ديوى العشرى
رقم التصنيف 808.80
رقم المادة ر س
100 1# - المدخل الرئيسى - إسم شخصى
الإسم الشخصى محمد صبرى
245 10 - بيان العنوان
العنوان سيدانودى: برجراك /
بيان المسئوليه,etc محمد صبرى
700 1# - المدخل الاضافى - اسم شخصى
الإسم الشخصى عبدالرحمن صدقى
700 1# - المدخل الاضافى - اسم شخصى
الإسم الشخصى عباس حافظ
700 1# - المدخل الاضافى - اسم شخصى
الإسم الشخصى روستان
700 1# - المدخل الاضافى - اسم شخصى
الإسم الشخصى ادمون
300 ## - الوصف المادى
التعداد 294
490 ## - بيان السلسلة
عنوان السلسلة روائع المسرح العالمى
رقم المجلد/ التعيين التسلسلي 0
650 04 - المدخل الاضافى بالموضوع-مصطلح موضوعى
مصطلح موضوعي الادب
650 04 - المدخل الاضافى بالموضوع-مصطلح موضوعى
مصطلح موضوعي المسرح
650 04 - المدخل الاضافى بالموضوع-مصطلح موضوعى
مصطلح موضوعي الادب العالمى المترجم
942 ## - عناصر المدخل الإضافي( كوها)
مصدر التصنيف او مخطط الترفيف Dewey Decimal Classification
Koha [default] item type كتاب
Holdings
حالة التراجع حالة الفقد حالة تلف ليس للاعارة المكان المؤقت الموقع الحالى تاريخ الاكتساب اجمالي اﻻعارات رقم الطلب الباركود تاريخ اخر مشاهدة تاريخ تفعيل السعر نوع وعاء كوها
        مكتبة القاهرة الكبرى مكتبة القاهرة الكبرى 03/26/2014   808.80\ر س 107291 03/26/2014 03/26/2014 كتاب

Powered By

EGPV